| 000 | 00860nam a22002175i 4500 | ||
|---|---|---|---|
| 001 | 160787 | ||
| 003 | ES-MaACL | ||
| 005 | 20250702194123.0 | ||
| 008 | 041015m18571861fr |||| | fre d | ||
| 040 |
_aCAM _bspa _cCAM |
||
| 100 | 1 |
_aNouvion, Victor de. _9130534 |
|
| 245 | 1 | 0 |
_aHistoire du règne de Louis-Philippe I per, roi des français, 1830-1848 / _cpar Victor de Nouvion. |
| 260 |
_aParis : _bDidier et c\pie\s libraires-éditeurs, _c1857-1861 ( _fImprimé chez Bonaventure et Ducessois) |
||
| 300 |
_a4 v. ; _c22 cm. |
||
| 597 | _aT.I (VIII, 528 p.) - T.II (598 p.) - T.III (634 p.) - T.IV (398 [i.e. 598] p.) | ||
| 600 | 0 | 4 |
_aLuis Felipe _bI _cRey de Francia. _974690 |
| 651 | 4 |
_aFrancia- _xHistoria- _y1830-1848, Luis Felipe _98696 |
|
| 852 |
_aES-MaACL _jG-2909-2912 _z-- Enc. hol. |
||
| 942 | _2udc | ||
| 999 |
_c160787 _d160787 |
||